| 000 | 01113nam a22001817a 4500 | ||
|---|---|---|---|
| 999 |
_c61542 _d61542 |
||
| 005 | 20240322115241.0 | ||
| 008 | 240322c2023 ge ||||| |||| 00| 0 geo d | ||
| 020 | _q2720-8524 | ||
| 041 | _ageo | ||
| 245 |
_aსაჯარო სამართლის ჟურნალი : _b2023 / _cიურიდიული ფაკულტეტი, თსუ., ადმინისტრაციულ მეცნიერებათა ინსტიტუტი, თსუ.; მთავარი რედაქტორი კობა ყალიჩავა. |
||
| 260 |
_aთბილისი : _bუნივერსიტეტის გამომცემლობა, _c2023. |
||
| 300 | _aV. | ||
| 653 | _aსაჯარო სამართლის ჟურნალი | ||
| 653 | _aპერიოდიკა | ||
| 700 |
_aყალიჩავა, კობა _eმთავარი რედაქტორი _96479 |
||
| 710 |
_aთსუ. _dადმინისტრაციულ მეცნიერებათა ინსტიტუტი _921548 |
||
| 942 |
_2udc _cCR |
||